Statistics for Fairy Type Pokemon

Click here to take the quiz!

General Stats

  • This quiz has been taken 400 times
    (121 since last reset)
  • The average score is 38 of 57

Answer Stats

HintAnswer% Correct
Jigglypuff
98%
Wigglytuff
97%
KantoClefairy
93%
Clefable
93%
JohtoCleffa
92%
Igglybuff
89%
Granbull
80%
Aromatisse
80%
Mr. Mime
80%
Togetic
79%
Togekiss
79%
Sylveon
79%
Togepi
79%
Gardevoir
79%
Swirlix
79%
Xerneas
79%
Snubbull
77%
HoennRalts
77%
Slurpuff
75%
Kirlia
75%
Floette
74%
Azumarill
74%
SinnohMime Jr
72%
KalosFlabebe
72%
Florges
72%
UnovaCottonee
70%
Marill
70%
Whimsicott
70%
Azurill
69%
AlolaPrimarina
67%
Mawile
66%
Ribombee
66%
Cutiefly
64%
Klefki
62%
Diancie
62%
Dedenne
61%
Grimmsnarl
59%
Carbink
57%
Alolan FormNinetales
56%
Tapu Lele
56%
Impidimp
56%
Morgrem
54%
Tapu Koko
52%
Tapu Fini
52%
Alcremie
51%
Tapu Bulu
51%
Milcery
46%
Zacian
46%
GalarHatterene
44%
Shiinotic
43%
Morelull
43%
Mimikyu
41%
Comfey
41%
Spiritzee
41%
Magearna
39%
Rapidash (Galarian Form)
39%
Weezing (Galarian Form)
33%

Score Distribution

Percentile by Number Answered

Percent of People with Each Score

Your Score History

You have not taken this quiz since the last reset